[Event "Charlotte Holiday GM 2020"]
[Site "Charlotte"]
[Date "2020.12.27"]
[Round "1.1"]
[White "Stremavicius, Titas"]
[Black "Gauri, Shankar"]
[Result "1/2-1/2"]
[WhiteElo "2485"]
[BlackElo "2356"]
[Annotator "TA"]
[PlyCount "60"]
[EventDate "2020.12.26"]
[EventType "tourn"]
[EventCountry "USA"]
[SourceTitle "playchess.com"]
[Source "ChessBase"]
[SourceQuality "1"]

{[%evp 9,60,-3,0,-14,-18,-27,-19,-16,-12,-16,-2,-2,0,-30,0,-8,0,-16,-21,-33,-29,-38,-29,-45,-10,-82,-54,-54,-62,-64,-56,-105,-104,-93,-75,-71,-70,-90,-83,-84,-77,-88,-52,-121,-78,-75,-27,-89,-91,-83,-100,-103,-43]} 1. f4 Nf6 2. Nf3 g6 3. g3 b6 4. Bg2 Bb7 5. O-O Bg7 6. d3 {A02: Bird's Opening.} d5 7. Qe1 O-O 8. a4 {[#] The position is equal.} Nc6 $146 ({Predecessor:} 8... c5 9. Na3 e6 10. Rb1 Qe7 11. Bd2 Rc8 12. h3 Nc6 13. g4 d4 14. Nc4 Nd5 {½-½ (61) Freiberger,J (2222)-Pfreundt,J (2394) Werther 2018}) 9. c3 Nd7 10. d4 Na5 11. b4 Nc4 12. e3 c5 13. Rf2 Rc8 14. Rc2 Nf6 15. bxc5 bxc5 16. Ne5 {[#] And now Nxc4 would win.} Nd6 17. Rb2 (17. Nd2 $11 {remains equal.}) 17... Ba6 18. Nd2 Nfe4 19. Nxe4 Nxe4 20. Ng4 Qa5 {[#] White must now prevent ...cxd4.} 21. Bd2 Bc4 22. Nf2 Nd6 23. Qb1 Qa6 24. g4 e6 25. Be1 f5 26. h3 ({White should play} 26. g5 $15) 26... h6 27. Qd1 g5 28. dxc5 (28. fxg5 $1 $11 hxg5 29. gxf5) 28... Rxc5 $17 {Black is better.} 29. fxg5 hxg5 30. Rab1 Ne4 {Weighted Error Value: White=0.16/Black=0.12} (30... Nf7 $17) 1/2-1/2

[Event "Charlotte Holiday GM 2020"]
[Site "Charlotte"]
[Date "2020.12.27"]
[Round "1.2"]
[White "Sheng, Joshua"]
[Black "Mishra, Abhimanyu"]
[Result "1/2-1/2"]
[WhiteElo "2474"]
[BlackElo "2338"]
[Annotator "TA"]
[PlyCount "154"]
[EventDate "2020.12.26"]
[EventType "tourn"]
[EventCountry "USA"]
[SourceTitle "playchess.com"]
[Source "ChessBase"]
[SourceQuality "1"]

{[%evp 13,153,23,28,0,7,0,0,0,0,0,6,0,0,0,0,0,0,0,0,0,0,0,0,-3,0,-18,-15,-59,0,-41,0,0,53,-123,-129,-132,-102,-107,-91,-97,-86,-92,-91,-96,-89,-87,-21,-97,-9,-371,-312,-556,-549,-541,-537,-620,-618,-616,-615,-861,-314,-288,-287,-280,-278,-233,-43,-43,-43,-43,-43,-44,-44,-44,-8,-29,0,-43,0,-35,-42,-35,-8,-15,-7,-7,-7,-8,-8,-8,-8,-8,-8,-8,-8,-8,-8,-8,-8,-8,-8,-8,-8,-8,-8,-8,-8,-8,-8,-8,-8,-8,-8,-8,-8,-8,-8,-8,0,0,0,0,0,0,0,0,0,0,0,0,0,0,0,0,0,0,0,0,0,0,0,0]} 1. c4 c6 2. Nf3 d5 3. d4 Nf6 4. Nc3 e6 5. Bg5 Nbd7 6. e3 Qa5 7. Nd2 Bb4 8. Rc1 {D52: Queen's Gambit Declined: Cambridge Springs Variation.} Ne4 9. Ndxe4 dxe4 10. Bh4 Qxa2 $1 11. Qc2 Nb6 12. Be2 Na4 $1 13. O-O Bxc3 {[%mdl 64] Remove Defender} 14. bxc3 Nxc3 15. Qxc3 Qxe2 {[#]} 16. Qa3 $146 {[%csl Gh4][%cal Ra3e7]} ({Predecessor:} 16. f3 Qd3 17. Qe1 exf3 18. Rxf3 f6 19. Rc3 Qg6 20. e4 O-O 21. e5 f5 22. Be7 {½-½ (42) Basso,P (2600)-Czerw,D (2286) Skalica 2020}) 16... f6 17. f3 c5 $1 18. Qxc5 Qxe3+ 19. Kh1 exf3 20. Rce1 $1 {[%cal Re1e3]} fxg2+ 21. Kxg2 Qd2+ (21... Qh6 $5 {[%cal Rh6h4]} 22. Bg3 a5 $11) 22. Kg1 Bd7 ({Black should play} 22... Qd3 $11) 23. Re4 $2 (23. Qd6 $14 O-O-O 24. Bg3) 23... Qh6 $1 $17 {[%cal Rh6g6] Threatens to win with ...Qg6+.} 24. Bg3 Kf7 25. d5 e5 $1 26. Qc7 {[%mdl 64] Double Attack} Rhd8 27. Rxe5 Kg8 28. Re7 Bh3 29. Rfe1 Qg6 (29... Qg5 $17 30. Qf4 Qg6) 30. d6 (30. Qxb7 $11 {remains equal.} Rdb8 31. Qc7) 30... h5 (30... b6 $1 $17 31. Qc6 h6) 31. Kh1 $2 {[%mdl 8192]} (31. Qxb7 $11 {and White has nothing to worry.} Rab8 32. Qe4 Qxe4 33. R1xe4) 31... h4 $19 32. Rg1 (32. R1e3) 32... Bg4 {aiming for ...Bf3+.} ({Not} 32... hxg3 33. Rxg3 Bg4 34. h3 $15) 33. Qxb7 {And now Be1 would win.} hxg3 34. Rxg3 {intending h3.} Rab8 35. Qd5+ Kh8 36. h3 {[#]} Rb1+ $2 (36... Rxd6 $3 {[%mdl 512]} 37. Rb7 (37. Qxd6 Bf3+) 37... Rxd5 38. Rxb8+ Kh7 39. cxd5 Qe4+ {[%mdl 64] Double Attack} 40. Kh2 Qe2+ 41. Kg1 Qe1+ 42. Kh2 Qf2+ 43. Rg2 Qf4+ {[%mdl 64] Double Attack} 44. Kg1 Bxh3) 37. Kh2 Rb2+ 38. Rg2 Rxg2+ 39. Qxg2 {[#]} Rxd6 $2 (39... f5 $1 $19 40. c5 Qh6) 40. Qxg4 {[%mdl 4096] Endgame KQR-KQR} Rd2+ 41. Kg3 $1 Qd3+ 42. Kh4 {[%csl Ge7][%cal Rg4g7]} Qh7+ 43. Kg3 {White threatens Re8+ and mate.} Rd3+ 44. Kh2 {Re8+ would kill now.} Rd2+ (44... Rd8 {with more complications.} 45. Re2 g5 46. h4 a5 47. Rf2 a4) 45. Kg3 Rd3+ (45... Rd8 {looks sharper.} 46. Re4 a5 47. c5 a4 48. Kg2 Qh6) 46. Kh2 {White wants to mate with Re8+.} Rd8 47. Re2 a5 (47... g6 {with more complications.} 48. Qe6 Qc7+ 49. Kg2 Qf4 50. Qg4 Qd4) 48. c5 {The position is equal.} g6 49. Qf4 Qf7 50. Qh6+ Kg8 {Hoping for ...g5.} 51. Rg2 {[%cal Rg2g6]} Qc7+ 52. Rg3 g5 {( -> ...Rd2+)} 53. Qg6+ Qg7 54. Qxg7+ Kxg7 $11 {KR-KR} 55. Ra3 Ra8 {White should prevent ...Kf7.} 56. c6 Kg6 57. Kg3 a4 58. c7 Rc8 59. Rxa4 Rxc7 {next ...f5 is good for Black.} 60. h4 $1 Rc3+ 61. Kg2 f5 {...g4 is the strong threat.} 62. hxg5 Kxg5 63. Kf2 Rh3 64. Kg2 Rb3 65. Kf2 f4 66. Ra8 Rb5 67. Rg8+ Kf5 68. Rf8+ Ke4 {Threatening ...Rb2+.} 69. Re8+ Re5 (69... Kf5 {is interesting.} 70. Rf8+) 70. Rxe5+ Kxe5 {KP-K} 71. Kf3 Kf5 (71... Kd4 {keeps more tension.} 72. Ke2 f3+ 73. Kf2 Kc4 74. Ke1 Kb3) 72. Kf2 Ke4 73. Ke2 f3+ 74. Kf2 Kf4 75. Kf1 Ke3 76. Ke1 f2+ 77. Kf1 Kf3 {And White is the lucky defender.  Weighted Error Value: White=0.34/Black=0.25} 1/2-1/2

[Event "Charlotte Holiday GM 2020"]
[Site "Charlotte"]
[Date "2020.12.27"]
[Round "1.3"]
[White "Daggupati, Balaji"]
[Black "Stearman, Josiah"]
[Result "0-1"]
[WhiteElo "2399"]
[BlackElo "2391"]
[Annotator "TA"]
[PlyCount "74"]
[EventDate "2020.12.26"]
[EventType "tourn"]
[EventCountry "USA"]
[SourceTitle "playchess.com"]
[Source "ChessBase"]
[SourceQuality "1"]

{[%evp 13,74,17,50,-72,0,-52,-45,-72,-36,-204,-193,-175,-16,-23,-38,-39,0,22,0,-391,-378,-389,-371,-377,-385,-391,-385,-385,-386,-344,-376,-377,-371,-353,-301,-284,-303,-338,-338,-303,-286,-992,-984,-972,-973,-959,-957,-1203,-1156,-2015,-1806,-5025,-4772,-5153,-5141,-5133,-5133,-29988,-29989,-29988,-29989,-29989,-29990]} 1. e4 {Tsesarsky,I} e5 2. Nf3 Nc6 3. Nc3 Nf6 4. Bb5 Nd4 5. O-O c6 6. Ba4 Qa5 7. d3 Bb4 {[#]} 8. Bg5 $146 {C48: Four Knights: 4 Bb5, replies other than 4...Bb4.} (8. Nxd4 $1 $14 {keeps the upper hand.} exd4 9. e5 dxc3 10. exf6) ({Predecessor:} 8. Bb3 Nxb3 9. cxb3 Be7 10. Bd2 Qc7 11. Rc1 O-O 12. h3 d6 13. d4 Re8 14. Re1 Bf8 15. Bg5 Nd7 {1-0 (52) Gallagher,J (2545)-Mitkov,N (2475) Pula 1997 CBM 057 Extra [Tsesarsky,I]}) 8... d6 (8... Nxf3+ $17 9. Qxf3 Bxc3 10. bxc3 (10. Bxf6 $2 Bxb2 11. Rab1 Bd4 $19) 10... Qxa4 11. Bxf6 gxf6 12. Qxf6 {[%mdl 64] Double Attack} Rf8 13. Qxe5+ Kd8) 9. Nd2 (9. Bxf6 $11 gxf6 10. Nxd4 exd4 11. Nd5 Qxa4 12. Nc7+ {[%mdl 64] Double Attack} Ke7 13. Nxa8) 9... Bxc3 $15 10. bxc3 {Black is slightly better.} Ne6 11. Nc4 $2 Qxa4 $19 12. Nxd6+ Kd7 $2 ({Better is} 12... Ke7 $19 13. Nf5+ Kf8 14. Bxf6 gxf6) 13. Nxf7 $11 Nxg5 14. Nxh8 Ke7 ({Black should play} 14... Qa5 $15 15. Qd2 Ne6) 15. f4 $1 {[%cal Rf4g5]} exf4 {White must now prevent ...Bg4.} 16. h4 $2 {[%mdl 8192]} (16. e5 $1 $11 {and White has nothing to worry.} Ng4 17. Rb1) 16... Ne6 $1 $19 17. e5 Ng8 18. d4 {[#] next Qd3 is good for White.} Qc4 19. Qf3 Nh6 20. Qe4 Bd7 21. Qxh7 {[#]} Rxh8 {[%mdl 512]} 22. Qxh8 Qxc3 {Strongly threatening ...Ng4.} 23. Rad1 Qxc2 {aiming for ...f3.} 24. Qb8 Nf5 {[%mdl 64] ( -> ...Ne3!). Double Attack} 25. Qxb7 Ne3 {[%csl Ge3][%cal Rc2g2][%mdl 64] Double Attack} ({Not} 25... Nxh4 26. Qb4+ c5 27. Qd2 $17) 26. Qb4+ c5 {[%csl Ge3][%cal Rc2g2]} 27. Rd2 (27. Qd2 Qxd2 28. Rxd2 Nxf1 29. Kxf1 Nxd4 30. Kf2) 27... cxb4 28. Rxc2 Nxc2 29. d5 Ned4 30. Rf2 a5 {[%cal Ba7a5,Ba5a4,Ba4b3,Bb3b2][%mdl 32]} 31. Kh1 a4 32. e6 Be8 33. Rxf4 b3 34. axb3 axb3 35. Rg4 b2 {Black mates.} 36. Rxg7+ Kd6 37. Rb7 Nb5 {Weighted Error Value: White=1.57/Black=0.18} 0-1

[Event "Charlotte Holiday GM 2020"]
[Site "Charlotte"]
[Date "2020.12.27"]
[Round "1.4"]
[White "Plotkin, Mark"]
[Black "Yip, Carissa"]
[Result "1/2-1/2"]
[WhiteElo "2435"]
[BlackElo "2421"]
[Annotator "TA"]
[PlyCount "100"]
[EventDate "2020.12.26"]
[EventType "tourn"]
[EventCountry "USA"]
[SourceTitle "playchess.com"]
[Source "ChessBase"]
[SourceQuality "1"]

{[%evp 11,100,-19,16,0,0,0,0,0,0,-9,-2,-33,-34,-20,-22,-28,-28,-27,-39,-41,-30,-2,45,57,195,183,184,179,175,143,301,282,410,401,771,517,703,660,1014,976,29985,29986,29986,29987,29987,29988,29965,154,230,0,0,0,0,0,0,0,0,0,8,0,0,0,0,0,0,0,0,0,0,0,0,0,0,0,0,0,0,0,0,0,0,0,0,0,0,0,0,0,0,0,0]} 1. c4 g6 2. Nc3 Bg7 3. e4 c5 4. g3 Nc6 5. Bg2 d6 6. d3 e6 7. Be3 {A36: Symmetrical English vs ...g6: 4 Bg2 Bg7.} Nge7 8. h4 h5 9. Nge2 Nd4 10. Qd2 Nec6 11. f4 a6 12. O-O {[#]} Qa5 $146 ({Predecessor:} 12... f5 13. Rae1 Bd7 14. Kh2 Qe7 15. Ng1 Bf6 16. Bf2 O-O-O 17. Nh3 Qg7 18. Ng5 Bxg5 19. fxg5 {½-½ (30) Stutz,R (1830)-Ranker,K (1925) Bayerisch Eisenstein 2014}) 13. Rae1 {[%cal Ba1e1,Be1e2,Be2f2][%mdl 32]} O-O 14. e5 dxe5 15. fxe5 Bxe5 16. Bh6 Nxe2+ 17. Rxe2 Bg7 ({Better is} 17... Bd7 $14) 18. Bxc6 bxc6 19. Bxg7 Kxg7 {[#]} 20. Rf6 $3 {[%mdl 512]} Qd8 $2 {[#]} (20... Qc7 $16 {is a better defense.} 21. Ne4 Qe5) 21. Ref2 $1 $18 Ra7 (21... Qc7 {was worth a try.} 22. Qg5 e5) 22. Ne4 Qd4 (22... e5 $142 23. Qg5 (23. Rxc6 Bb7 $16) (23. Nxc5 Bf5 $16) 23... Qe7) 23. Qg5 a5 24. g4 Rh8 25. Qf4 {[%cal Rf6f7]} hxg4 26. Rxf7+ Rxf7 27. Qxf7+ Kh6 28. Qf4+ {[%mdl 64] Double Attack} Kg7 29. Qc7+ $2 (29. h5 {mates} Qxf2+ 30. Qxf2 Rxh5 31. Qf6+ Kg8 32. Qd8+ Kf7 33. Nd6+ Kg7 34. Qe7+ Kh6 35. Qf8+ {[%mdl 64] Double Attack} Kh7 36. Ne8 Rh1+ 37. Kxh1 g5 38. Qg7#) 29... Kh6 $16 30. Kh2 $2 ({Not} 30. Qxa5 Qxd3 31. Qe1 Kg7 $11) (30. Qf7 $18 g3 31. Nxg3 (31. Qf4+ Kh7 $18)) 30... e5 $11 {White must now prevent ...g3+!The position is equal.} 31. Qf7 g3+ {[%mdl 64] Decoy} 32. Kxg3 Qxd3+ 33. Qf3 Qxf3+ 34. Rxf3 {[%mdl 4096] Endgame KRB-KRN} Bf5 35. Nxc5 Rd8 36. Nb7 Rb8 37. Nd6 Rxb2 38. Nxf5+ gxf5 39. Rxf5 Rxa2 40. Rxe5 {KR-KR} a4 41. Re6+ Kh5 42. Rxc6 Rc2 43. Rc5+ Kh6 44. Kg4 a3 45. Rc6+ Kh7 46. Kh5 a2 47. Rc7+ Kg8 48. Ra7 Rxc4 49. Ra8+ Kg7 50. Ra7+ Kg8 {Blacks defense is rewarded with a draw.  Weighted Error Value: White=0.26/Black=0.38} 1/2-1/2

[Event "Charlotte Holiday GM 2020"]
[Site "Charlotte"]
[Date "2020.12.27"]
[Round "2.1"]
[White "Stremavicius, Titas"]
[Black "Sheng, Joshua"]
[Result "1-0"]
[WhiteElo "2485"]
[BlackElo "2474"]
[Annotator "TA"]
[PlyCount "183"]
[EventDate "2020.12.26"]
[EventType "tourn"]
[EventCountry "USA"]
[SourceTitle "playchess.com"]
[Source "ChessBase"]
[SourceQuality "1"]

{[%evp 9,183,0,14,14,9,9,39,0,7,-53,-5,-14,-18,-16,-9,-16,-17,-22,-26,-31,-33,-31,-23,-22,0,14,37,22,32,-3,167,166,169,169,169,167,167,168,181,153,160,157,155,143,141,154,165,157,209,212,282,279,754,520,543,519,864,853,788,268,268,257,268,252,263,256,247,136,135,136,136,136,137,118,118,118,148,118,118,118,115,98,99,99,118,118,118,118,118,93,91,88,95,46,41,52,77,77,51,22,22,22,41,22,108,100,200,200,200,200,200,200,200,200,200,200,200,200,200,200,200,200,200,200,200,200,200,200,200,200,200,200,200,200,379,200,200,200,200,200,200,200,200,160,160,160,160,160,160,160,200,188,298,282,311,184,499,392,504,499,12842,12843,12843,12843,12844,12844,12835,12835,12846,12846,12847,12843,12843,12843,12845,12845]} 1. c4 c6 2. Nf3 d5 3. e3 Nf6 4. Nc3 Nbd7 5. Qc2 e5 6. cxd5 {A11: English Opening: 1...c6.} Nxd5 7. Bc4 N5b6 {[#]} (7... Nb4 $5 {[%cal Rb4c2]} 8. Qb1 (8. Qf5 Qf6 $11) 8... Nb6 $11) 8. Bd3 $146 {White is slightly better.} ({Predecessor:} 8. Bb3 Bd6 9. Ne4 Be7 10. h4 Nd5 11. a3 h6 12. d3 N5f6 13. Nxf6+ Bxf6 14. Bd2 {1-0 (54) Bauer,C (2550)-Kosteniuk,A (2459) Biel 2002}) 8... g6 9. h4 ({White should try} 9. Be2 $11) 9... Bg7 10. h5 {[%cal Rh5g6]} Nc5 {[%cal Bd7c5,Bc5d3,Bd3f4][%mdl 32]} 11. Be2 Bf5 12. e4 Bg4 13. h6 Bf6 14. Nxe5 Bxe5 15. Bxg4 Nd3+ 16. Ke2 Nf4+ 17. Kf1 $1 Qg5 (17... Qd3+ {keeps more tension.} 18. Qxd3 Nxd3 19. Be2 O-O-O 20. Bxd3 Rxd3 21. Ke2 Rhd8) 18. Bf3 Qf6 19. Ne2 O-O-O $2 (19... Nxe2 $11 {and Black is okay.} 20. Kxe2 O-O-O) 20. d4 $1 $18 {[%cal Rd4e5]} Rxd4 21. Bxf4 Bxf4 22. Nxd4 Qxd4 23. Rd1 Qf6 24. b3 Kb8 25. Qd3 Bc7 26. Be2 Rd8 27. Qf3 Rxd1+ 28. Bxd1 Qd4 (28... Qe7 $16 {was called for.} 29. g3 Nd7) 29. g3 Nd7 30. Qxf7 {Qe8+ would kill now.} Bxg3 $2 (30... Qxd1+ $2 31. Kg2 $18) (30... Bb6 31. Kg2 Nf6) 31. Be2 ({Less strong is} 31. fxg3 Qxd1+ 32. Kg2 Qe2+ 33. Qf2 Qxe4+ 34. Qf3 Qe6 $16) 31... Be5 32. Rh3 a6 (32... Qa1+ $142 33. Kg2 Qd4 34. Qxh7 Qxe4+ 35. Bf3 Qf5) 33. Rd3 Qxe4 34. Qf3 $2 (34. f3 Qh4 35. Rxd7) 34... Qxf3 35. Rxf3 {[%mdl 4096] Endgame KRB-KBN} ({Not} 35. Bxf3 Kc7 $16) 35... Nf6 36. Re3 Bf4 37. Re6 Nd5 38. Bf3 ({Only move:} 38. Re8+ $1 $18 Ka7 39. Bc4) 38... Nc7 $16 39. Re7 Bxh6 40. Rxh7 Bf4 41. Ke2 Ka7 42. Bg4 a5 43. Kf3 g5 44. Bc8 Kb8 45. Bd7 Nb5 46. Be8 Nc3 47. a4 Nb1 48. Bf7 Nd2+ 49. Kg4 Ne4 {Threatens to win with ...Nf6+.} 50. Rh8+ Ka7 51. f3 Nd6 {[%cal Rd6f7]} 52. Be6 Kb6 53. Ra8 Bd2 54. Kh5 Kc5 $1 55. Kg6 Kb4 56. Kf6 Bf4 (56... b5 $11) 57. Ke7 $1 {White leaves nothing to chance now.} b5 (57... Bh2 $16 {was necessary.}) 58. Ra6 $1 $18 {[%cal Ra6c6]} bxa4 59. bxa4 Kxa4 60. Rxc6 Nb5 61. Bd7 Ka3 62. Rc4 {aiming for Rxf4.} Nc7 63. Ra4+ {[%mdl 64] Double Attack} Kb3 64. Rxa5 {And now Kd8 would win.} Kc4 65. Bc6 Kd4 66. Kf6 Ke3 67. Kf5 Kf2 68. Ra3 Kg3 69. Ra2 Be3 70. Ke4 Bf4 71. Bd7 Kh4 $2 (71... Bd6 72. Rd2 Bf4) 72. Ra3 (72. Rg2 $142) 72... Kg3 73. Ra1 Kg2 74. Ra7 Kf2 75. Ra5 Kg2 76. Bg4 Ne8 77. Kd5 Kg3 {intending ...Nf6+.} 78. Ke6 $1 Nd6 {[#]} 79. Rc5 $1 Nb7 80. Rf5 Bd2 (80... Kf2 {keeps fighting.} 81. Rd5 Be3) 81. Rb5 Nd8+ 82. Kd5 (82. Kd7 $142 Nf7 83. Bh5) 82... Nf7 $2 (82... Bf4 83. Bh5 Kh4) 83. Rb6 Bf4 {[#] If only Black now had time for ...Ne5....} 84. Re6 $1 {White is clearly winning.} Kh4 (84... Kf2 $142 85. Bh5 g4 86. fxg4 (86. Bxf7 g3 $11) 86... Ng5) 85. Rf6 Nd8 86. Rh6+ Kg3 87. Rh3+ Kf2 88. Rh7 Be3 89. Rd7 Bb6 90. Ke4 Kg3 91. Kf5 Nc6 92. Rd6 {Weighted Error Value: White=0.25/Black=0.18} 1-0

[Event "Charlotte Holiday GM 2020"]
[Site "Charlotte"]
[Date "2020.12.27"]
[Round "2.2"]
[White "Yip, Carissa"]
[Black "Belous, Vladimir"]
[Result "0-1"]
[WhiteElo "2421"]
[BlackElo "2524"]
[Annotator "TA"]
[PlyCount "90"]
[EventDate "2020.12.26"]
[EventType "tourn"]
[EventCountry "USA"]
[SourceTitle "playchess.com"]
[Source "ChessBase"]
[SourceQuality "1"]

{[%evp 14,90,15,17,20,17,0,0,0,0,4,9,23,26,45,49,35,33,27,30,37,15,3,24,39,-10,-8,-71,-59,-66,-74,-69,-44,-43,-51,-50,-47,-33,-13,-16,-12,-49,0,-264,-276,-232,-247,-269,-270,-360,-327,-316,-226,-226,-226,-502,-502,-511,-496,-616,-529,-848,-830,-1066,-1070,-1017,-922,-12837,-422,-416,-405,-29990,-29991,-29991,-29992,-29992,-29993,-29995,-29996]} 1. e4 c5 2. Nf3 Nc6 3. d4 cxd4 4. Nxd4 g6 5. Nc3 Bg7 6. Be3 Nf6 7. Bc4 O-O 8. Bb3 Re8 {B35: Sicilian: Accelerated Dragon with 5 Nc3: main line.} 9. O-O d6 10. h3 Na5 {The position is equal.} 11. Qe2 b6 12. Rfd1 Bb7 13. Ba4 {[#]} Nd7 $146 ({Predecessor:} 13... Rf8 14. e5 Ne8 15. e6 f5 16. b4 Rc8 17. Ncb5 Nc6 18. Nxc6 Bxc6 19. Bd4 a6 {0-1 (25) Kratochvil,V (2213)-Zwardon,V (2466) Prague 2019}) 14. Qb5 Bc8 15. Nc6 Nxc6 16. Qxc6 Rb8 17. Nd5 Rf8 18. Bg5 f6 19. Be3 (19. Bf4 $5 {[%cal Rd5e7]} Ne5 20. Qc7 Qxc7 21. Nxc7 $11) 19... Nc5 {[#] ...Bd7 is the strong threat.} 20. Bxc5 (20. Bb3 $11 {keeps the balance.}) 20... bxc5 $17 21. Bb3 Kh8 $1 22. Qa4 f5 23. exf5 $1 Bxf5 24. c3 Bd7 $36 {[%mdl 2048] Black has the initiative.} 25. Qxa7 c4 (25... Bh6 {keeps more tension.} 26. Rab1 e6 27. Nc7 Qc8 28. Rxd6 Rb7) 26. Bxc4 Rxb2 27. Rab1 (27. Rf1 {looks sharper.} e6 28. Nb4 Bxc3 29. Nd3 Rb8 30. Rac1) 27... Rbxf2 {Hoping for ...Qc8.} (27... Rfxf2 {is interesting.} 28. Rxb2 Rxb2 29. a4 Be5 30. Bb5 Bf5) 28. Qxf2 $4 {[%mdl 8192] Black converts the advantage convincingly.} (28. Rb7 $11 {and White is okay.} Bxh3 29. gxh3) 28... Rxf2 $19 29. Kxf2 Qc8 30. Kg1 Be5 ({Inferior is} 30... Qxc4 31. Rb8+ Bf8 32. Rxf8+ Kg7 33. Rf2 $11) 31. Bf1 Ba4 32. Rd2 Qc5+ 33. Kh1 Bc6 {[%mdl 1024] Black has strong compensation.} ({Much less strong is} 33... Bxc3 34. Rc1 $17) 34. Rb8+ $2 (34. Nxe7 Qxc3 35. Nxc6 Qxd2 36. a4) 34... Kg7 35. Rc8 e6 36. Rc7+ Kh6 37. Rd3 exd5 38. Rf3 d4 39. cxd4 Bxd4 40. Rff7 {[#]} Kg5 (40... Qa3 $142 $1 {[%cal Ra3h3]} 41. Rxh7+ (41. Rxc6 Qe3) 41... Kg5 42. Rce7 Bf2 43. Kh2 Qg3+ 44. Kh1 Qf4 45. Re1 Bxe1 46. Be2 Qc1 47. h4+ Bxh4+ 48. Kh2 Bf2 49. Bd1 Qxd1 50. Rh8 Qg1+ {[%mdl 64] Double Attack} 51. Kh3 Bxg2#) 41. h4+ Kxh4 {( -> ...Qe5)} 42. Rxh7+ (42. Rxc6 $19 Qxc6 43. Rf4+ Kg5 44. Rxd4) 42... Kg5 {Black mates.} 43. Rcf7 Qc3 44. Re7 Qc1 45. Rhf7 Kg4 {[%cal Rc1h6] Weighted Error Value: White=0.76/Black=0.22} 0-1

[Event "Charlotte Holiday GM 2020"]
[Site "Charlotte"]
[Date "2020.12.27"]
[Round "2.3"]
[White "Stearman, Josiah"]
[Black "Plotkin, Mark"]
[Result "1/2-1/2"]
[WhiteElo "2391"]
[BlackElo "2435"]
[Annotator "TA"]
[PlyCount "102"]
[EventDate "2020.12.26"]
[EventType "tourn"]
[EventCountry "USA"]
[SourceTitle "playchess.com"]
[Source "ChessBase"]
[SourceQuality "1"]

{[%evp 20,102,39,26,41,32,33,41,38,50,56,17,33,11,12,0,28,24,32,34,35,29,36,0,0,-22,-17,-12,-8,-16,0,-37,-30,-32,-33,-32,-33,-33,0,-31,-38,-32,-35,-87,-52,-273,-243,-260,-240,-626,-626,-626,-626,-611,-610,-619,-612,-604,-581,-515,-440,-342,-11,-11,-11,-12,-12,-12,0,0,0,0,0,0,0,0,0,0,0,0,0,0,0,0,0]} 1. Nf3 d5 2. c4 e6 3. e3 Nf6 4. Nc3 a6 5. b3 c5 6. Bb2 Nc6 7. cxd5 exd5 8. d4 cxd4 9. Nxd4 Bd6 10. Be2 O-O 11. O-O Be6 {D32: Tarrasch Defence: Sidelines and lines without g3.} 12. Nxc6 bxc6 13. Rc1 c5 {[#] White is slightly better.} 14. Na4 $146 ({Predecessor:} 14. Bf3 Rc8 15. g3 Be5 16. Qe2 c4 17. Rfd1 Qa5 18. Qd2 cxb3 19. axb3 Rfd8 20. Ne2 Qxd2 21. Rxd2 Rxc1+ 22. Nxc1 Bxb2 23. Rxb2 {½-½ (43) Sundararajan,K (2420)-Schroeder,J (2550) Caleta 2017}) 14... Rc8 15. Bf3 Ne4 16. Bxe4 dxe4 17. Qh5 {[%cal Ra4c5]} f5 (17... c4 {looks sharper.} 18. Bd4 cxb3 19. axb3 Bxb3 20. Rxc8 Qxc8 21. Bxg7 Kxg7 22. Qg5+ Kh8) 18. Rfd1 Qe7 19. g3 Bf7 20. Qe2 Rc6 21. h4 Rfc8 22. Nc3 c4 23. Nd5 Qe8 {And now ...cxb3 would win.} 24. Qd2 ({Much weaker is} 24. Rxc4 Bh5 $17) 24... Bh5 25. Qd4 {[%csl Gb2][%cal Rd4g7]} Bf8 {aiming for ...cxb3.} 26. Rd2 {[%cal Rc1c4]} cxb3 {[%mdl 64] [#] Discovered Attack} 27. Rxc6 Rxc6 28. axb3 Bf7 (28... Qd8 $5 {[%cal Rh5f7]} 29. Qe5 Bf7 $15) 29. Qa4 Rd6 30. Qxe8 Bxe8 31. Ba3 (31. Be5 $15 Rd7 32. Ba1) 31... Rd7 (31... Rxd5 {seems wilder.} 32. Rxd5 Bxa3 33. Ra5 Be7 34. Rxa6 Kf7) 32. Bxf8 (32. Bb2 $1 $15) 32... Kxf8 $15 {[%mdl 4096] Endgame KRB-KRN} 33. Rd4 Bf7 34. Nb4 (34. Nf4 Rxd4 35. exd4) 34... Rxd4 $19 35. exd4 {KB-KN} a5 36. Nc6 Bxb3 37. Nxa5 Bd5 38. Kf1 {If only White now had time for Ke2....} Kf7 39. Ke2 Kf6 40. Kd2 {[#] White hopes to continue with Kc3.} h6 $2 ({Better is} 40... g5 $1 $19 {[%cal Rg5h4]} 41. h5 f4) 41. Kc3 $1 $11 {The position is equal.} g5 42. hxg5+ hxg5 {White must now prevent ...f4.} (42... Kxg5 $5 43. Nc4 $8 f4 $11) 43. Nc4 Bxc4 44. Kxc4 f4 45. gxf4 {K3P-KPP} g4 (45... gxf4 $5 46. d5 $8 Ke5 $11) 46. d5 {Kd4 would kill now.} e3 $1 {[%cal Re3f2]} 47. Kd3 $1 {[%cal Rd3e3]} (47. fxe3 g3) 47... exf2 48. Ke2 g3 {( -> ...Kf5)} 49. Kf1 Kf5 (49... Ke7 $5 50. f5 $8 Ke8 $11) 50. Kg2 Kg6 {Strongly threatening ...Kf5.} (50... Kxf4 $5 51. d6 $8 Ke3 $11) 51. d6 {Threatening mate with d7.} Kf6 {White happily takes the draw.  Weighted Error Value: White=0.24/Black=0.21} (51... Kf7 $5 52. f5 $8 Kf6 $11) 1/2-1/2